000 00631nam a2200229Ia 4500
003 OSt
005 20221007075655.0
006 a|||||r|||| 00| 0
007 ta
008 221006b |||||||| |||| 00| 0 eng d
024 _a11,577
037 _cTextual
040 _aFLL
_cFLL
_beng
041 _2eng
_aeng
082 _aV2:12.N83, M5
100 _aSanajaoba Naorem Au.
_9694113
245 0 _aBasic issues on centre- state relations
260 _aNew Delhi
_bOmsons pub India
_c1985
300 _axxii,312p
_ccm.
942 _hV2:12.N83, M5
_cTEXL
_2CC
999 _c1156967
_d1156967